000 00493nam a22001817a 4500
005 20251108174738.0
008 250721s2006 xx 000 0 eng d
020 _a978503600
082 1 4 _aJ/F/MAL
100 1 _aMaltase, ron
245 1 0 _aMeet my friend gorden the Scareerow /
264 1 _aNew York :
_bXana Visual Productions,
_c2006.
300 _a16P.
650 1 7 _aFICTION
653 _aأطفال مرحلة متوسطة (6-9) سنوات
942 _2ddc
_cBK
999 _c116930
_d116930